02190 2200241 4500001002100000005001500021035002000036007000300056008003900059082001600098084002200114100002100136245015000157300001200307650005900319520136700378336002101745337002801766338002501794856007401819264003901893990001601932INLIS00000000150475220260429080918 a0010-0426000074ta260429 | | |  aL.310-25151 aL.310-25151 RAH p0 aRAHMAePengarang1 aPEMBUATAN SOSIS DAGING AYAM DENGAN SUPLEMENTASI WORTEL, BAYAM MERAH, DAN SPIRULINA DALAM UPAYA PEMENUHAN KEBUTUHAN GIZI ANAK /cPolbangtan Malang a134 hlm 4aSosis Ayam, Wortel, Bayam Merah, Spirulina, Gizi Anak. aPenelitian ini mengkaji pengolahan sosis ayam dengan penambahan wortel, bayam merah, dan spirulina untuk meningkatkan kandungan gizi guna menunjang tumbuh kembang anak. Latar belakang dari penelitian ini menyangkut mengenai tingginya angka masalah gizi anak di indonesia dan rendahnya kandungan gizi sosis komersial. Wortel, bayam merah dan spirulina dipilih sebagai bahan tambahan karena kaya akan vitamin C, zat besi (Fe) dan omega-3. Penelitian ini menggunakan Rancangan Acak Lengkap (RAL) dengan empat perlakuan: P0(kontrol) hingga P3(komposisi tertinggi). Parameter yang diuji meliputi kandungan gizi, mutu organoleptik, dan hedonik. Hasil menunjukkan peningkatan zat besi (Fe) pada P3 (9,63 ppm), vitamin C mulai terdeteksi di P2(0,91) dan naik di P3(1,08), sedangkan omega-3 relatif stabil dengan nilai tertinggi di P1 (1,23g). Perlakuan terbaik diperoleh pada P1, dengan hasil uji organoleptik sebagai berikut: warna (3,80), aroma (3,33), rasa (3,20), dan tekstur (3,66). Hasil uji hedonik/kesukaan juga menunjukkan nilai tertinggi pada P1: warna (4,27), aroma (4,24), rasa (4,08), dan tekstur (4,08), dengan kandungan zat gizi berupa zat besi (2,42 ppm), omega-3 (1,23 g), dan vitamin C yang belum terdeteksi. Secara finansial, usaha menunjukkan prospek baik dengan R/C ratio 1,4, BEP harga Rp. 28.422, BEP unit 422 pack, dan ROI 77,9%. 2rdacontentaText 2rdamediaaBuku Tercetak 2rdacarrieraHardcopy ahttps://repository.polbangtanmalang.ac.id/xmlui/handle/123456789/2138 aMalang :bPolbangtan Malang,c2025 aL.310-25151